| 000 | 01687cam a2200409 a 4500 | ||
|---|---|---|---|
| 001 | 15534527 | ||
| 003 | EG-ScBUE | ||
| 005 | 20220214102411.0 | ||
| 008 | 081125s2007 enk f 000 1 eng d | ||
| 020 | _a0755302540 | ||
| 020 | _a9780755302543 | ||
| 035 | _a(OCoLC)ocn264043461 | ||
| 040 |
_aDLC _beng _erda _cDLC _dYDX _dBTCTA _dYDXCP _dRLS _dWIQ _dCDX _dCQU _dDLC _dEG-ScBUE |
||
| 043 | _ae-uk-en | ||
| 082 | 0 | 4 |
_a823.92 _bGAR _222 |
| 100 | 1 |
_aGarner, Elizabeth, _eauthor. _921807 |
|
| 245 | 1 | 4 |
_aThe ingenious Edgar Jones / _cElizabeth Garner. |
| 264 | 1 |
_aLondon : _bHeadline Publishing Group, _c2007. |
|
| 300 |
_a338 pages ; _c24 cm |
||
| 336 |
_2rdacontent _atext _btxt |
||
| 337 |
_2rdamedia _aunmediated _bn |
||
| 338 |
_2rdacarrier _avolume _bnc |
||
| 610 | 2 | 7 |
_aUniversity of Oxford _vFiction. _2BUEsh _921808 |
| 650 | 7 |
_aExceptional children _vFiction. _921809 _2BUEsh |
|
| 650 | 7 |
_aInventors _vFiction. _921810 _2BUEsh |
|
| 650 | 7 |
_aFathers and sons _vFiction. _921811 _2BUEsh |
|
| 650 | 7 |
_aSocial stratification _vFiction. _921812 _2BUEsh |
|
| 651 | 7 |
_aOxford (England) _xHistory _y19th century _vFiction. _2BUEsh _921806 |
|
| 653 |
_bHHUUEENN _cFebruary2022 |
||
| 655 |
_vReading book _934232 |
||
| 856 | 4 | 2 |
_3Contributor biographical information _uhttp://www.loc.gov/catdir/enhancements/fy0917/2008050643-b.html |
| 856 | 4 | 2 |
_3Publisher description _uhttp://www.loc.gov/catdir/enhancements/fy0917/2008050643-d.html |
| 856 | 4 | 1 |
_3Sample text _uhttp://www.loc.gov/catdir/enhancements/fy0917/2008050643-s.html |
| 942 |
_2ddc _cBB |
||
| 999 |
_c14892 _d14892 |
||